Statistics for Eurovision Song Contest Winners Part 2

Click here to take the quiz!

General Stats

  • This quiz has been taken 30 times
    (3 since last reset)
  • The average score is 23 of 36

Answer Stats

yearCountrysongArtist% Correct
2009NorwayFairytaleAlexander Rybak
100%
2014AustriaRise Like A PhoenixConchita Wurst
100%
2019NetherlandsArcadeDuncan Laurence
100%
2011AzerbijanRunning ScaredEll and nikki
100%
2005GreeceMy Number OneHelena Paparizou
100%
2016Ukraine1944Jamala
100%
2010GermanySatelliteLena
100%
2006FinlandHard Rock HallelujahLordi
100%
2012SwedenEuphoriaLoreen
100%
2021ItalyZITTI E BUONImaneskin
100%
2018IsraelToyNetta
100%
2004UkraineWild DancesRuslana
100%
1985NorwayLa det SwingeBobbysocks
67%
1991SwedenFangad Av En StormvinsCarola
67%
1988SwitzerlandNe Partez pas Sans MoiCeline Dion
67%
1999SwedenTake Me to Your HeavenCharlotte
67%
1998IsraelDivaDana International
67%
2008RussiaBelieveDima Bilan
67%
2013DenmarkOnly TeardropsEmmelie De Forest
67%
1987IrelandHold Me NowJohnny Logan
67%
1997United kingdomLove Shine a LightKatrina and The Waves
67%
2015SwedenHeroesMans Zelmerlow
67%
2017PortugalAmar Pelos DoisSalvador Sobral
67%
1986BelgiumJ'aime La VieSandra Kim
67%
1995NorwayNocturneSecret Garden
67%
2000DenmarkFly On The Wings of LoveThe Olsen Brothers
67%
1996IrelandThe VoiceEimear Quinn
33%
1992IrelandWhy me?Linda Martin
33%
2002LatviaI WannaMarie N
33%
2007SerbiaMolitvaMarija Serifovic
33%
1993IrelandIn Your EyesNiamh Kavanagh
33%
1989YugoslaviaRock MeRiva
33%
1994IrelandRock 'N' Roll KidsPaul Harrington and Charlie McGettigan
0%
2003TurkeyEveryway That I CanSertab Erener
0%
2001EstoniaEverybodyTanel Padar, Dave Benton & 2XL
0%
1990ItalyInsieme: 1992Toto Cutugno
0%

Score Distribution

Percentile by Number Answered

Percent of People with Each Score

Your Score History

You have not taken this quiz since the last reset